Missing Word: Sports Teams Quiz Stats

 Plays Quiz Updated Jul 8, 2014

Challenge
Share
Tweet
Embed
Score 0/40 Timer 02:00
2 Plays Today
Sports Team Name Missing Word % Correct
_____ LionsDetroit
92.1%
_____ RockiesColorado
84.5%
_____ RedskinsWashington
84.1%
Jacksonville _____Jaguars
81.5%
_____ MavericksDallas
78.7%
Brooklyn _____Nets
78.4%
_____ SteelersPittsburgh
76.9%
Cleveland _____Browns
76.7%
Kansas City _____Royals
74.3%
_____ MarinersSeattle
73%
Cincinnati _____Bengals
72%
Houston _____Astros
71.9%
_____ BruinsBoston
71.1%
Philadelphia _____Flyers
70.6%
_____ CardinalsSt. Louis
69.8%
_____ FalconsAtlanta
67.2%
_____ YankeesNew York
66%
Indiana _____Pacers
64%
San Diego _____Padres
63.4%
_____ Trail BlazersPortland
62.3%
Sports Team Name Missing Word % Correct
Toronto _____Raptors
61.4%
_____ GrizzliesMemphis
60.8%
Minnesota _____Twins
60.3%
Tampa Bay _____Buccaneers
54.8%
_____ PredatorsNashville
51.9%
Buffalo _____Sabres
51.5%
Columbus _____Blue Jackets
50.6%
_____ WarriorsGolden State
49.7%
_____ TitansTennessee
48.4%
Ottawa _____Senators
44.4%
_____ HurricanesCarolina
43.6%
Baltimore _____Orioles
43.4%
Charlotte _____Hornets
40.8%
Oakland _____Raiders
39.9%
_____ FlamesCalgary
36.7%
San Antonio _____Spurs
34.2%
_____ KingsSacramento
33.9%
_____ BrewersMilwaukee
29.6%
_____ CanucksVancouver
25.8%
Arizona _____Coyotes
25.7%

Today's Daily Dose

You're not logged in!

Compare scores with friends on all Sporcle quizzes.
Join for Free
OR
Log In

You Might Also Like...

Show Comments

Extras

Top Quizzes Today


Score Distribution

Your Account Isn't Verified!

In order to create a playlist on Sporcle, you need to verify the email address you used during registration. Go to your Sporcle Settings to finish the process.

Report this User

Report this user for behavior that violates our Community Guidelines.

Details: